000 01369nam a22003017i 4500
003 EG-GICUC
005 20260121101357.0
008 251128s2012 ua ||||fr|||| 000 0 ara d
040 _a EG-GICUC
_bara
_c EG-GICUC
_d EG-GICUC
_erda
041 0 _aara
082 0 4 _221
_a341.851
_bع ل . ت
092 0 4 _221
099 _aLaw1 11 341.85 ع ل . ت 2012
100 0 _aعلاء محي الدين مصطفى أبو أحمد
_eمؤلف.
245 1 2 _aالتحكيم في منازعات العقود الإدارية الدولية - في ضوء القوانين الوضعية والمعاهدات الدولية وأحكام محاكم التحكيم :
_bدراسة مقارنة /
_cعلاء محي الدين مصطفى أبو أحمد.
264 1 _aالقاهرة :
_bدار الجامعة الجديدة،
_c2012.
300 _a482 : صفحة
_bإيضاحيات،جداول ؛
_c24 سم.
336 _2rda content
_atext
337 _2rda media
_aComputer
338 _2rda carrier
_aOnline Resource
504 _a. 482-457ببليوجرافيا: صفحات. يشتمل على إرجاعات ببليوجرافية.
546 _aالنص باللغة العربية
650 1 4 _aالتحكيم ـ قانون دولي
_2qrmak
651 1 _2qrmak
856 4 0 _uhttps://fll.law.cu.edu.eg/fulltext/bks/B11-06288.pdf
905 _a78
942 _2ddc
_cBK
_e21
_n0
999 _c46806
_d46806